| 000 | 00441nmm a2200157Ia 4500 | ||
|---|---|---|---|
| 008 | 251105s9999||||xx |||||||||||||||||und|| | ||
| 020 | _a9789580613022 | ||
| 041 | _aspa | ||
| 100 | _aVelázquez Martínez, Rubén | ||
| 245 | 0 | _aLa raíz del sol | |
| 264 |
_a[Bogotá, Colombia] : _bOveja Negra, _c2015 |
||
| 300 | _a264 páginas | ||
| 650 | _aHistorical fiction | ||
| 856 | _uhttps://public.digitaliapublishing.com/a/37789 | ||
| 942 | _cCF | ||
| 999 |
_c94947 _d94947 |
||